|
|
|
|
| LEADER |
00000nam a2200000 a 4500 |
| 005 |
20120124140840.0 |
| 007 |
cr|||| |||| |
| 008 |
070621s2006 sp |||||| |000 ||spa|c |
| 020 |
|
|
|a 9995410273 (Plural)
|
| 020 |
|
|
|a 8473512596 (INAP)
|
| 035 |
|
|
|a 6087
|
| 040 |
|
|
|d vLex
|
| 090 |
|
|
|c 2944
|d 2944
|
| 100 |
1 |
|
|a Curbet, Jaume
|
| 245 |
1 |
3 |
|a La Glocalizacin̤ de la (in)seguridad
|h [Recurso electrn̤ico] /
|c Jaume Curbet
|
| 256 |
|
|
|a Servicio en ln̕ea
|
| 260 |
|
|
|a Madrid :
|b Instituto Nacional de Administracin̤ Pb︢lica (INAP) ;
|a La Paz :
|b Plural Editores,
|c 2006
|
| 300 |
|
|
|a 1 recurso electrn̤ico
|
| 500 |
|
|
|a La definicin̤ del concepto glocalizacin̤ parte de una licencia lingüs̕tica formada por la unin̤ de dos conceptos: Globalizacin̤ y Localizacin̤, por lo que el estudio comienza analizando la globalizacin̤ de la violencia organizada, considerando el negocio de la droga, el blanqueo de dinero, el crimen organizado y el preocupante trf̀ico de seres humanos. La segunda parte se refiere a la localizacin̤ de esta inseguridad ciudadana referida a los pas̕es industrializados y a Iberoamřica, incluyendo la situacin̤ de esta delincuencia, su desarrollo en las ciudades y el desarrollo de una industria de la seguridad. Finalmente el capt̕ulo tercero reproduce el tt̕ulo del libro, estudiando la incapacidad preventiva del Estado, y las propuestas para una Seguridad sostenible, con diversas rb︢ricas de interš como þSin convivencia no hay seguridadþ y þAdmitir la inseguridad es la mejor seguridadþ. Se acompaą bibliografa̕ y cuadros.
|
| 504 |
|
|
|a Bibliografa̕
|
| 506 |
1 |
|
|a Contenido solo disponible en los productos indicados
|d vLex Global
|d vLex Global (Academic Edition, excluding Law Schools)
|d vLex Global (U.S. Academic Edition, Law Schools)
|d vLex Global (U.S. Academic Edition, excluding Law Schools)
|d vLex Global (Academic Edition, Law Schools)
|
| 650 |
0 |
4 |
|a Seguridad internacional
|
| 650 |
0 |
4 |
|a Seguridad ciudadana
|
| 650 |
0 |
4 |
|a Seguridad pb︢lica
|
| 710 |
1 |
|
|a Instituto Nacional de Administracin̤ Pb︢lica (Espaą)
|
| 710 |
1 |
|
|a Institut Internacional de Governabilitat de Catalunya
|
| 740 |
0 |
|
|a vLex Libros (Servicio en ln̕ea)
|
| 830 |
|
0 |
|a Gobernabilidad y desarrollo ;
|v 2
|
| 856 |
4 |
0 |
|u http://vlex.com/source/globalizacion-inseguridad-6087
|z Acceso restringido
|
| 942 |
|
|
|c BOOK
|
| 999 |
0 |
|
|a Security, International
|
| 999 |
0 |
|
|a International law
|